Revista de la Secretaría de Estado de Trabajo, Economía y Comercio. (Record no. 2000)

MARC details
000 -LEADER
campo de control de longitud fija 00929nas a2200253 i 4500
001 - NÚMERO DE CONTROL
campo de control 2000
003 - IDENTIFICADOR DE NÚMERO DE CONTROL
campo de control ES-MaACL
005 - FECHA Y HORA DE LA ÚLTIMA TRANSACCIÓN
campo de control 20250830210345.0
007 - CAMPO FIJO DE DESCRIPCIÓN FÍSICA--INFORMACIÓN GENERAL
campo de control de longitud fija t|
008 - DATOS DE LONGITUD FIJA--INFORMACIÓN GENERAL
campo de control de longitud fija 950801c1953 dr | | 1 ||pa d
245 00 - MENCIÓN DEL TÍTULO
Título Revista de la Secretaría de Estado de Trabajo, Economía y Comercio.
260 ## - PUBLICACIÓN, DISTRIBUCIÓN, ETC.
Lugar de publicación, distribución, etc. Ciudad Trujillo (Santo Domingo) :
Nombre del editor, distribuidor, etc. Secretaría de Estado de Trabajo, Economía y Comercio,
Fecha de publicación, distribución, etc. 1953-
300 ## - DESCRIPCIÓN FÍSICA
Extensión 4 v. :
Otras características físicas il. ;
Dimensiones 28 cm.
310 ## - PERIODICIDAD ACTUAL
Periodicidad actual Semestral
321 ## - PERIODICIDAD ANTERIOR
Periodicidad anterior Bimestral,
Fechas de la periodicidad anterior 1953?-1955
362 0# - FECHAS DE PUBLICACIÓN Y/O DESIGNACIÓN SECUENCIAL
Fecha de publicación y/o designación secuencial (1953)-
650 17 - PUNTO DE ACCESO ADICIONAL DE MATERIA--TÉRMINO DE MATERIA
Término de materia o nombre geográfico como elemento de entrada Economía
Fuente del encabezamiento o término embne
9 (RLIN) 12006
710 1# - ENTRADA AGREGADA--NOMBRE DE ENTIDAD CORPORATIVA
Nombre de entidad corporativa o nombre de jurisdicción como elemento de entrada República Dominicana.
Unidad subordinada Secretaría de Estado de Economía y Comercio
9 (RLIN) 6434
785 00 - ENTRADA/ENLACE A UN TÍTULO POSTERIOR
Encabezamiento principal Revista de la Secretaría de Estado de Industria, Comercio y Banca
Lugar, editor y fecha de publicación 1956
785 00 - ENTRADA/ENLACE A UN TÍTULO POSTERIOR
Encabezamiento principal Revista de la Secretaría de Estado de Industria y Comercio
Lugar, editor y fecha de publicación 1957
852 ## - LOCALIZACIÓN
Ubicación ES-MaACL
Número de control de estantería Hem-1015
866 #0 - MENCIÓN TEXTUAL DE FONDOS--UNIDAD BIBLIOGRÁFICA BÁSICA
Fondos (1953)1954-56(1957)1958.
Holdings
Estatus retirado Estado de pérdida Estado de daño No para préstamo Colección Biblioteca de origen Biblioteca actual Ubicación en estantería Fecha de adquisición Fuente de adquisición Total de préstamos Signatura topográfica completa Código de barras Visto por última vez Precio de reemplazo Tipo de ítem Koha
        Periódicos y Revistas Biblioteca del Ateneo de Madrid Biblioteca del Ateneo de Madrid Depósito 1 17/01/2008     Hem-1015 1002039 23/02/2023 23/02/2023 Revista